000 01354nam a22002057a 4500
003 OSt
005 20230719184921.0
008 230719b ||||| |||| 00| 0 spa d
020 _a9789585885936
040 _cCO-MqBPB
082 _aJN
_bGRIt
100 _aGrisham, John /
_d1955-
245 _a El activista (theodore boone 4) /
_cJohn Grisham: traducción José Serra Marín.
250 _a1a. edición
260 _aBarcelona:
_bPenguin Random House,
_c2014.
300 _a266 páginas:
_bTapa Rústica,
_c22 cm
500 _aUna intriga política... una investigación peligrosa... y solo Theo puede revelar la verdad. Cuarta entrega de «Theodore Boone», la serie juvenil de misterio y suspense escrita por John Grisham. El joven abogado Theodore Boone ha vuelto y se enfrenta a una nueva intriga que afecta a la ciudad entera. El ayuntamiento planea la construcción de una carretera en las afueras de Strattenburg, a pesar de ir muy en contra de los intereses de sus habitantes. Cuando Theo descubre la corrupción que se esconde bajo el proyecto, decide hacer todo lo posible para impedir que se lleve a cabo. Él y sus amigos pondrán en juego los recursos necesarios para revelar las verdaderas intenciones de los implicados y evitar que los constructores se salgan con la suya.
651 _aNovela Juvenil
_xFicción
942 _2ddc
_cBKLIT
999 _c14950
_d14950